000 01013cam a2200229 4500500
005 20251228065619.0
041 _afre
042 _adc
100 1 0 _aLacombe, Camille
_eauthor
245 0 0 _aL’équilibriste de rue
260 _c2021.
500 _a75
520 _aUne étudiante en formation d’éducatrice spécialisée, agent d’accueil de nuit, écoutant 115 et intervenant social en chrs, ayant choisi de vivre une expérience de vie à la rue, revient sur son parcours pour questionner la pertinence et le fonctionnement des dispositifs de veille sociale et d’aide aux personnes sdf.
690 _a115
690 _aaller-vers
690 _adispositif de veille sociale
690 _amaraudes
690 _aPersonnes sans domicile fixe
690 _atravailleurs sociaux
786 0 _nVST - Vie sociale et traitements | 152 | 4 | 2021-10-28 | p. 60-65 | 0396-8669
856 4 1 _uhttps://shs.cairn.info/revue-vie-sociale-et-traitements-2021-4-page-60?lang=fr&redirect-ssocas=7080
999 _c1591906
_d1591906